00340 a2200121 450000100060000010000170000624500270002326000270005009000150007794200230009299900190011595200840013411877 aAlexander, L aWorld political Patter abRank Mc Nally & coc c9132d9132 aNUST-CAEcMc35970 c246950d246950 001040708NFICaCAEbCAEd2017-04-03l0pCAE49438r2017-04-05w2017-04-05yBK